| LEADER |
01478ngm0a2200325 450 |
| 001 |
16845698 |
| 100 |
|
|
|a 20121001d2011 u u0frey01 ba
|
| 101 |
1 |
|
|a fre
|c nor
|
| 102 |
|
|
|a SE
|
| 200 |
0 |
|
|a révoltés de l'île du diable (Les)
|f Marius Holst, réal.
|g Mette M. Bolstad, Lars Saabaye Christensen, adapt. - Eric Schmid, Dennis Magnusson, scénario - Johan Söderqvist, comp. - Daniel Berg, Morten Lovstad, Trond Nilssen, Kristoffer Joner, Benjamin Helstad, Stellan Skarsgard, ... [et al.] act.
|
| 207 |
|
1 |
|a
|
| 210 |
|
|
|a s.l.
|c Filmedia
|d 2011
|
| 215 |
|
|
|a 1 DVD vidéo monoface zone 2 (1 h 55 min)
|c 16/9, coul. (PAL), son. (Dolby digital 5.1)
|
| 300 |
|
|
|a Accord parental souhaitable
|
| 330 |
|
|
|a Hiver norvégien, début du XXe siècle. Dans la maison de redressement de Bastoy, un nouveau détenu pousse les autres à se révolter contre une direction autoritaire et brutale...
|
| 700 |
|
0 |
|a Holst
|b Marius
|4 370
|
| 702 |
|
0 |
|a Christensen
|b Lars Saabaye
|4 100
|
| 702 |
|
0 |
|a Bolstad
|b Mette M.
|4 100
|
| 702 |
|
0 |
|a Magnusson
|b Dennis
|4 690
|
| 702 |
|
0 |
|a Schmid
|b Eric
|4 690
|
| 702 |
|
0 |
|a Söderqvist
|b Johan
|4 230
|
| 702 |
|
0 |
|a Skarsgard
|b Stellan
|4 5
|
| 702 |
|
0 |
|a Helstad
|b Benjamin
|4 5
|
| 702 |
|
0 |
|a Joner
|b Kristoffer
|4 5
|
| 702 |
|
0 |
|a Nilssen
|b Trond
|4 5
|
| 702 |
|
0 |
|a Lovstad
|b Morten
|4 5
|
| 702 |
|
0 |
|a Berg
|b Daniel
|4 5
|
| 900 |
|
|
|a Film
|
| 901 |
|
|
|a Accessible au prêt
|
| 995 |
|
|
|a Bibliothèque
|c Bibliothèque
|f 00156010138683
|h 00156010138683
|k F HOL
|o p
|q a
|r gd
|e Bibliothèque
|